00433nam a2200133Ia 4500008004100000100002600041245008900067245002600156260006200182260000900244300002400253500000900277650001300286170224s9999 xx 000 0 und d aJacco van Sterkenburg aConfronting ‘race’ and policy: conceptualization of race/ethnicity in research  cJacco van Sterkenburg bJournal of Policy Research in Tourism, Leisure and Events c2016 a8:2, Pages: 209-211 a2016 xTourism.